The National Archives of Zambia annual report (1978, 1980, 1981, 1982) (Record no. 78699)

MARC details
000 -LEADER
fixed length control field 01278nam a2200217 a 4500
008 - FIXED-LENGTH DATA ELEMENTS--GENERAL INFORMATION
fixed length control field 090618s1978 ||||||||||||||||| || u
050 ## - LIBRARY OF CONGRESS CALL NUMBER
Classification number GOV.ZAM(058)NAZ/1978
110 ## - MAIN ENTRY--CORPORATE NAME
Corporate name or jurisdiction name as entry element National Archives of Zambia
245 14 - TITLE STATEMENT
Title The National Archives of Zambia annual report (1978, 1980, 1981, 1982)
Statement of responsibility, etc. By The National Archives of Zambia
260 ## - PUBLICATION, DISTRIBUTION, ETC.
Place of publication, distribution, etc. Lusaka
Name of publisher, distributor, etc. Government Printer
Date of publication, distribution, etc. 1978
300 ## - PHYSICAL DESCRIPTION
Extent 32p.
350 ## -
-- 0.00
500 ## - GENERAL NOTE
General note LIBRARY HOLDINGS: 1978, 1980, 1981, 1982
650 ## - SUBJECT ADDED ENTRY--TOPICAL TERM
Topical term or geographic name entry element ARCHIVES
650 ## - SUBJECT ADDED ENTRY--TOPICAL TERM
Topical term or geographic name entry element NATIONAL ARCHIVES OF ZAMBIA--ANNUAL REPORT
710 ## - ADDED ENTRY--CORPORATE NAME
Corporate name or jurisdiction name as entry element Government of the Republic of Zambia (GRZ)
995 ## -
-- SPECIAL COLLECTIONS
-- 0.00
-- 03004172
-- CBU-MAIN LIBRARY (Kitwe)
-- 1
-- 0.00
-- GOV.ZAM(058)NAZ/1978
-- 1
-- AVAILABLE
-- Jun 18, 2009
-- 03004172
-- Zambiana Collection
995 ## -
-- SPECIAL COLLECTIONS
-- 0.00
-- 03004174
-- CBU-MAIN LIBRARY (Kitwe)
-- 1
-- 0.00
-- GOV.ZAM(058)NAZ/1980
-- 2
-- AVAILABLE
-- Jun 18, 2009
-- 03004174
-- Zambiana Collection
995 ## -
-- SPECIAL COLLECTIONS
-- 0.00
-- 03004175
-- CBU-MAIN LIBRARY (Kitwe)
-- 1
-- 0.00
-- GOV.ZAM(058)NAZ/1981
-- 3
-- AVAILABLE
-- Jun 18, 2009
-- 03004175
-- Zambiana Collection
995 ## -
-- SPECIAL COLLECTIONS
-- 0.00
-- 03004176
-- CBU-MAIN LIBRARY (Kitwe)
-- 1
-- 0.00
-- GOV.ZAM(058)NAZ/1982
-- 1982
-- AVAILABLE
-- Jun 18, 2009
-- 03004176
-- Zambiana Collection
999 ## -
-- 78699
-- 78699
Holdings
Withdrawn status Lost status Source of classification or shelving scheme Damaged status Not for loan Permanent Location Current Location Shelving location Date acquired Total Checkouts Full call number Barcode Date last seen Copy number Price effective from Koha item type
          CBU-MAIN LIBRARY, KITWE. CBU-MAIN LIBRARY, KITWE.   06/06/2023   GOV.ZAM(058)NAZ/1978 03004172 06/06/2023 1 06/06/2023 SPECIAL COLLECTION
          CBU-MAIN LIBRARY, KITWE. CBU-MAIN LIBRARY, KITWE.   06/06/2023   GOV.ZAM(058)NAZ/1980 03004174 06/06/2023 2 06/06/2023 SPECIAL COLLECTION
          CBU-MAIN LIBRARY, KITWE. CBU-MAIN LIBRARY, KITWE.   06/06/2023   GOV.ZAM(058)NAZ/1981 03004175 06/06/2023 3 06/06/2023 SPECIAL COLLECTION
          CBU-MAIN LIBRARY, KITWE. CBU-MAIN LIBRARY, KITWE.   06/06/2023   GOV.ZAM(058)NAZ/1982 03004176 06/06/2023 4 06/06/2023 SPECIAL COLLECTION